Statistics for Greetings In Many Languages

Click here to take the quiz!

General Stats

  • This quiz has been taken 17 times
  • The average score is 6 of 15

Answer Stats

LanguageAnswer% Correct
EnglishHi / Hello
100%
SpanishHola
87%
GermanHallo
80%
FrenchBonjour / Bonsoir / Salut
67%
ChineseNihao
60%
ItalianCiao
53%
JapaneseKonnichiwa
40%
RussianPrivet / Privyet
33%
PortugueseOla
27%
DanishHej
20%
HindiNamaste
20%
VietnameseChào / Xin chào
13%
Icelandic
13%
KoreanAnnyeong / Annyeonghaseyo
7%
ThaiSawasdee
7%

Score Distribution

Percentile by Number Answered

Percent of People with Each Score

Your Score History

You have not taken this quiz